Godess Embroideries of Eastern Europe
| Main Author: | |
|---|---|
| Other Authors: | |
| Format: | Book |
| Language: | English Hungarian Romanian, Moldovan Russian Slovak |
| PhysicalDescription: | 215 s. Nákresy, obr., lit. 176 zázn. v angl., maď. rum., ruš. a slov. 28 cm |
| Published: |
Winona
Northland Press of Winona
1989
|
| ISBN: | 092902124X |
| Edition: | 1st. ed. |
| Subjects: |
MARC
| LEADER | 00000cam a2200000 a 4500 | ||
|---|---|---|---|
| 001 | vtls001175416 | ||
| 003 | SK-MaSNL | ||
| 005 | 20260301233821.0 | ||
| 008 | 250414s1989 xxua n 00 00 eng | ||
| 015 | |a SNBZSA1989 | ||
| 020 | |a 092902124X | ||
| 035 | |a SNK000118412 | ||
| 040 | |a SNK |b slo |c SNK |e AACR2 | ||
| 041 | |a eng |a hun |a rum |a rus |a slo | ||
| 044 | |a xxu |c US | ||
| 080 | |a 391(4)=20 |2 1981 | ||
| 100 | 1 | |a Kelly, Mary B. |4 aut |9 628960 | |
| 245 | 1 | 0 | |a Godess Embroideries of Eastern Europe |c Mary B. Kelly ; Ill. Mary B. Kelly ; Ed. Lou Robinson |
| 250 | |a 1st. ed. | ||
| 260 | |a Winona |b Northland Press of Winona |c 1989 |e Binghamton |f Bell Offset | ||
| 300 | |a 215 s. |b Nákresy, obr., lit. 176 zázn. v angl., maď. rum., ruš. a slov. |c 28 cm | ||
| 500 | |a Front. | ||
| 655 | 7 | |a odborné publikácie |2 SNK |9 60423 | |
| 700 | 1 | |a Kelly, Mary B. |4 ill |9 628960 | |
| 700 | 1 | |a Robinson, Lou |4 edt |9 628961 | |
| 852 | |a Slovenská národná knižnica | ||
| 919 | |a 0-929021-24-X | ||
| 954 | |a Európa východná |a Európa stredná |a umenie ľudové |a výšivky |a šperky | ||
| 958 | |a UC | ||
| 958 | |a TL | ||
| 958 | |a ZS | ||
| 958 | |a NB | ||
| 958 | |a OND | ||
| 999 | |c 967802 |d 969732 | ||
| 952 | |a SNK |b SNK |y PREZ |7 0 |p 17A0807528 |o snkSB 48662 |i snkV 3035/91 |8 2 |0 0 |1 0 |4 0 |d 2015-08-25 |l 0 |r 2026-02-24 10:41:31 |w 2026-02-24 | ||


